| 000 | 00528nam a2200181Ia 4500 | ||
|---|---|---|---|
| 999 |
_c26870 _d26870 |
||
| 003 | OSt | ||
| 005 | 20210107133322.0 | ||
| 008 | 190216s9999||||xx |||||||||||||| ||und|| | ||
| 020 | _a8171801455 | ||
| 040 | _coclc | ||
| 082 |
_a494.81282421 _bVAR/V |
||
| 100 |
_aVarma, A R Rajaraja _98015 |
||
| 245 | 0 |
_aVruthamanjary / _cA R Rajaraja Varma |
|
| 260 |
_bPoorna Publications, _aKozhikode: _c1990. |
||
| 300 | _a104p | ||
| 650 | _aMalayalam | ||
| 942 |
_cBK _2ddc _h494.81282421 _iVAR/V _k494.81282421 _mVAR/V |
||